000 00839nam a2200205Ia 4500
008 0000001999 sp a 0000000000spa00
090 _aPSP00 H83d
100 1 _aHuici, Fernando
245 1 0 _aDis Berlin
_b: el rocio de los sueños
_c/ textos Fernando Huici ; fotografías Joaquín Cortés
300 _a[36] p.
_c/ 27 cm.
500 _aExposición realizada en Guillermo de Osma Galería, Madrid, Noviembre 11, 1999 Enero 5, 2000 \ Con el patronazgo del maestro venezolano Jesús Rafael Soto (q.e.p.d.) \
600 0 0 _aBERLIN, DIS, 1959/
_xTRABAJOS PICTORICOS
650 1 4 _aARTE CONTEMPORANEO ESPAÑOL
650 1 4 _xCATALOGOS
650 1 4 _xEXPOSICIONES
650 1 4 _aPINTORES ESPAÑOLES
650 1 4 _aPINTURA ESPAÑOLA
700 1 _aCortés, Joaquín
999 _c5199
_d5199
260 _aMadrid : Guillermo de Osma Galería
_c1999